| 000 | 01363cam a22003857a 4500 | ||
|---|---|---|---|
| 003 | CHAP | ||
| 005 | 20220329143019.0 | ||
| 008 | 010926s1991 mx a r 00010 spa d | ||
| 010 | _a90670 | ||
| 011 | _a91642 | ||
| 020 | _a9682433258 | ||
| 035 | _a102203 | ||
| 040 | _cCHAP | ||
| 082 | 0 | 4 |
_a658.314 _bH3 |
| 100 | 0 | 0 |
_aHaynes, Marion E. _953205 |
| 245 | 1 | 0 |
_aAdministración del tiempo _c/por Marion E. Haynes |
| 260 |
_aMéxico, D.F. : _bTrillas, _c1991 |
||
| 300 |
_a84 h. : _bilus. |
||
| 490 | 0 | _aManuales didácticos de administración | |
| 590 |
_aBATCH-UPD _b10 _c20130110 _lUCH01 _h0410 |
||
| 590 |
_aBATCH-UPD _b10 _c20130110 _lUCH01 _h2218 |
||
| 590 |
_aBATCH-UPD _b10 _c20130410 _lUCH01 _h0045 |
||
| 590 |
_aBATCH-UPD _b10 _c20130913 _lUCH01 _h1935 |
||
| 590 |
_aCONVERSION _b10 _c20130109 _lUCH01 _h1350 |
||
| 650 | 1 | 4 |
_aAdministración. _9918 |
| 650 | 1 | 4 |
_aTiempo. _9113046 |
| 650 | 1 | 4 |
_aTiempo _xPercepción. _9113047 |
| 830 | 0 | 0 |
_aManuales didácticos de administración _970681 |
| 901 | _aBK | ||
| 905 | _aAlejandra Carrasco M. | ||
| 942 | _cLIBRO | ||
| 949 |
_a658.314 H3 _bBC _cLIBRO _d33724000977583 _eLIBRO _gI.c/e _h106424 _i102203 _si _t$ 100.00 |
||
| 949 |
_a658.314 H3 _bBC _cLIBRO _d33724000977641 _eLIBRO _fc.2 _gI.c/e _h106425 _i102203 _si _t$ 100.00 |
||
| 949 |
_a658.314 H3 _bBC _cLIBRO _d33724000977708 _eLIBRO _fc.3 _gI.c/e _h106426 _i102203 _si _t$ 100.00 |
||
| 999 |
_c90670 _d90670 |
||